Kỹ thuật nuôi cá tra và cá ba sa trong bè
Đã lưu trong:
| 主要作者: | |
|---|---|
| 格式: | 圖書 |
| 語言: | Undetermined |
| 出版: |
Tp. HCM
Nông Nghiệp
2003
|
| 主題: | |
| 標簽: |
添加標簽
沒有標簽, 成為第一個標記此記錄!
|
| Thư viện lưu trữ: | Trung tâm Học liệu Trường Đại học Cần Thơ |
|---|
| LEADER | 00506nam a2200181Ia 4500 | ||
|---|---|---|---|
| 001 | CTU_57080 | ||
| 008 | 210402s9999 xx 000 0 und d | ||
| 020 | |b 7500 | ||
| 082 | |a 639.31 | ||
| 082 | |b Kh107 | ||
| 100 | |a Phạm Văn Khánh | ||
| 245 | 0 | |a Kỹ thuật nuôi cá tra và cá ba sa trong bè | |
| 245 | 0 | |c Phạm Văn Khánh | |
| 260 | |a Tp. HCM | ||
| 260 | |b Nông Nghiệp | ||
| 260 | |c 2003 | ||
| 650 | |a fish-culture | ||
| 980 | |a Trung tâm Học liệu Trường Đại học Cần Thơ | ||